Nenne ein passendes Land - Statistiken

Allgemein
  • Dieses Quiz wurde 200 mal gespielt
  • Das Durchschnittsergebnis liegt bei 10 aus 10
Antwortstatistiken
Hinweis Länder % Korrekt
Nenne ein europäisches Land, das auf -land endet Deutschland, Estland, Finnland, Griechenland, Irland, Island, Lettland
100%
Nenne ein Land, das auf -stan endet Afghanistan, Kasachstan, Kirgisistan, Pakistan, Tadschikistan, Turkmenistan, Usbekistan
99%
Nenne ein europäisches Land, das auf -ien endet Albanien, Belgien, Bulgarien, Italien, Kroatien, Moldawien, Nordmazedonien, Rumänien, Serbien, Slowenien, Spanien, Tschechien
99%
Nenne ein südamerikanisches Land, das auf -ien endet Argentinien, Bolivien, Brasilien, Kolumbien
99%
Nenne ein asiatisches Land, das auf -land endet Russland, Thailand
99%
Nenne ein asiatisches Land, das auf -ien endet Armenien, Georgien, Indien, Indonesien, Jordanien, Saudi-Arabien, Syrien
98%
Nenne ein Land, das auf -reich endet Frankreich, Österreich, Vereinigtes Königreich
98%
Nenne ein afrikanisches Land, das auf -ien endet Algerien, Äthiopien, Mauretanien, Tunesien
95%
Nenne ein ozeanisches Land, das auf -ien endet Australien, Föderierte Staaten von Mikronesien
95%
Nenne ein ozeanisches Land, das auf -land endet Neuseeland
95%
Keine übereinstimmenden Quizze gefunden
Verteilung der Resultate
Anzahl Personen mit jedem Resultat
Perzentil nach korrekt beantworteten Fragen
Ihre Resultats-Entwicklung
Sie haben dieses Quiz noch nicht gespielt